[Event "Moia op 6th"]
[Site "Moia"]
[Date "2017.10.06"]
[Round "3"]
[White "Saborit Verdaguer, Roger"]
[Black "Mollet Soldevila, Eva"]
[Result "1-0"]
[WhiteElo "1567"]
[BlackElo "1342"]
[PlyCount "57"]
[EventDate "2017.09.22"]
[EventType "swiss"]
[EventRounds "8"]
[EventCountry "ESP"]
[SourceTitle "CBM 189 Extra"]
[Source "ChessBase"]
[SourceDate "2019.06.03"]
[SourceVersion "1"]
[SourceVersionDate "2019.06.03"]
[SourceQuality "1"]

1. e4 e5 2. Nf3 Nc6 3. Bb5 d6 4. h3 Nf6 5. d3 h6 6. c3 Be7 7. 0-0 0-0 8. Re1 Bd7 9. a3 a5 10. Ba4 b6 11. Bc2 Be6 12. d4 exd4 13. cxd4 Bc4 14. Nc3 Nd7 15. b3 Ba6 16. Bb2 Bf6 17. Nd5 Re8 18. Rc1 Na7 19. Bb1 Bb7 20. Nxc7 Re7 21. Nxa8 Qxa8 22. Qc2 Nf8 23. e5 dxe5 24. dxe5 Bxf3 25. exf6 Rxe1+ 26. Rxe1 Bxg2 27. fxg7 Bxh3 28. gxf8R+ Kxf8 29. Bg7+ 1-0

[Event "Igualada op 12th"]
[Site "Igualada"]
[Date "2017.01.21"]
[Round "2"]
[White "Gil Fernandez, Lluis Antoni"]
[Black "Mollet Soldevila, Eva"]
[Result "1-0"]
[WhiteElo "1702"]
[BlackElo "1336"]
[PlyCount "69"]
[EventDate "2017.01.14"]
[EventType "swiss"]
[EventRounds "8"]
[EventCountry "ESP"]
[SourceTitle "EXT 2018"]
[Source "ChessBase"]
[SourceDate "2017.10.13"]
[SourceVersion "1"]
[SourceVersionDate "2017.10.13"]
[SourceQuality "1"]

1. e4 e5 2. Nf3 Nc6 3. c3 d6 4. Bc4 Be7 5. 0-0 Nf6 6. Re1 0-0 7. a3 Bg4 8. h3 Bh5 9. d4 exd4 10. cxd4 Bxf3 11. gxf3 Nh5 12. f4 g6 13. d5 Na5 14. Be2 Nf6 15. Bf3 Qc8 16. Kh2 Nd7 17. Bg4 Bh4 18. Be3 Qe8 19. Qa4 f5 20. exf5 gxf5 21. Bf3 b6 22. Rg1+ Kh8 23. Nd2 Nc5 24. Qd1 Nd3 25. Bd4+ Bf6 26. Bxf6+ Rxf6 27. b4 Nb7 28. Qf1 Nxf4 29. Re1 Qf8 30. Qc4 Qh6 31. Rg3 Rc8 32. Re7 Nxh3 33. Rxh3 Qxd2 34. Rhxh7+ Kg8 35. Qh4 1-0

[Event "Moia op 5th"]
[Site "Moia"]
[Date "2016.10.28"]
[Round "5"]
[White "Castano Sanchez, Tomas"]
[Black "Mollet Soldevila, Eva"]
[Result "1-0"]
[WhiteElo "1360"]
[BlackElo "1351"]
[PlyCount "69"]
[EventDate "2016.09.23"]
[EventType "swiss"]
[EventRounds "8"]
[EventCountry "ESP"]
[SourceTitle "EXT 2018"]
[Source "ChessBase"]
[SourceDate "2017.10.13"]
[SourceVersion "1"]
[SourceVersionDate "2017.10.13"]
[SourceQuality "1"]

1. d4 d5 2. e4 dxe4 3. f3 exf3 4. Qxf3 e6 5. Be3 Nc6 6. Bb5 Qd5 7. Qe2 Bd7 8. Nc3 Qd6 9. Nf3 0-0-0 10. Rd1 Nf6 11. Bg5 Re8 12. 0-0 Nd5 13. Ne4 Qb4 14. c4 f5 15. a3 Qa5 16. Bd2 Qb6 17. c5 Nxd4 18. Bxd7+ Kxd7 19. Nxd4 Bxc5 20. Nxc5+ Qxc5 21. Qe5 Qe7 22. Nb5 Qc5+ 23. Nd4 Rhg8 24. Kh1 Qd6 25. Qe1 c6 26. Nf3 Qf8 27. Bf4 Kc8 28. Be5 h6 29. Qa5 Qf7 30. Qxa7 Nc7 31. Rd6 Rd8 32. Rfd1 Rxd6 33. Rxd6 Rd8 34. Rxd8+ Kxd8 35. Qb8+ 1-0

[Event "Barcelona La Lira op 34th"]
[Site "Barcelona"]
[Date "2016.02.05"]
[Round "4"]
[White "Mollet Soldevila, Eva"]
[Black "Perolet Perez, Miquel"]
[Result "0-1"]
[WhiteElo "1383"]
[BlackElo "1695"]
[PlyCount "66"]
[EventDate "2016.01.15"]
[EventType "swiss"]
[EventRounds "8"]
[EventCountry "ESP"]
[SourceTitle "EXT 2017"]
[Source "ChessBase"]
[SourceDate "2016.10.25"]
[SourceVersion "1"]
[SourceVersionDate "2016.10.25"]
[SourceQuality "1"]

1. e4 e6 2. d4 d5 3. exd5 exd5 4. Nf3 Nf6 5. Be2 c6 6. Bf4 Qb6 7. Bc1 Bd6 8. h3 Bf5 9. 0-0 0-0 10. Nbd2 Qc7 11. c4 b6 12. a3 Nbd7 13. b4 Ne4 14. Nb3 Rfe8 15. Bd3 Ndf6 16. Qc2 Bg6 17. c5 bxc5 18. bxc5 Bf4 19. Bxf4 Qxf4 20. Na5 Qc7 21. Qa4 Nc3 22. Qb3 Bxd3 23. Qxc3 Bxf1 24. Kxf1 Ne4 25. Qb4 Rab8 26. Qa4 Rb5 27. Nb3 h6 28. Re1 Rbb8 29. Nfd2 Nxd2+ 30. Nxd2 Rxe1+ 31. Kxe1 Re8+ 32. Kf1 Qh2 33. f3 Qh1+ 0-1

[Event "Barcelona La Lira op 34th"]
[Site "Barcelona"]
[Date "2016.01.29"]
[Round "3"]
[White "Aubeso Duch, Miquel"]
[Black "Mollet Soldevila, Eva"]
[Result "0-1"]
[WhiteElo "1352"]
[BlackElo "1383"]
[PlyCount "108"]
[EventDate "2016.01.15"]
[EventType "swiss"]
[EventRounds "8"]
[EventCountry "ESP"]
[SourceTitle "EXT 2017"]
[Source "ChessBase"]
[SourceDate "2016.10.25"]
[SourceVersion "1"]
[SourceVersionDate "2016.10.25"]
[SourceQuality "1"]

1. c4 e5 2. e4 Nf6 3. d3 Nc6 4. Nf3 Be7 5. Be2 0-0 6. 0-0 d6 7. Nc3 Be6 8. a4 a6 9. Qb3 b6 10. Be3 Na5 11. Qd1 c6 12. b4 Nb7 13. Qd2 Ng4 14. h3 Nxe3 15. Qxe3 c5 16. b5 axb5 17. Nxb5 Na5 18. Rfb1 h6 19. Qd2 Nc6 20. Ra3 Bd7 21. Nc3 Nb4 22. Kh2 f5 23. g3 fxe4 24. dxe4 Qc8 25. g4 Rf4 26. Rg1 Nc6 27. Nd5 Rb8 28. Nxf4 exf4 29. Qxf4 Bf6 30. Rg3 Ne5 31. Ng1 Bg5 32. Qxg5 hxg5 33. a5 bxa5 34. Rxa5 Qc6 35. Re3 Rb4 36. Raa3 Nxc4 37. Bxc4+ Rxc4 38. f3 Kf7 39. Ne2 Rc2 40. Kg3 Qc7 41. Nc3 d5+ 42. e5 d4 43. Nd5 Qc6 44. e6+ Bxe6 45. Ra7+ Qd7 46. Rxd7+ Bxd7 47. f4 dxe3 48. Nxe3 Rc3 49. Kf3 Bc6+ 50. Ke2 gxf4 51. Nf1 Bb5+ 52. Kd2 Rxh3 53. Ke1 Bxf1 54. Kxf1 c4 0-1

[Event "Igualada op 11th"]
[Site "Igualada"]
[Date "2016.01.16"]
[Round "1"]
[White "Mollet Soldevila, Eva"]
[Black "Serrano Carmona, Alfonso"]
[Result "0-1"]
[WhiteElo "1383"]
[BlackElo "1675"]
[PlyCount "34"]
[EventDate "2016.01.16"]
[EventType "swiss"]
[EventRounds "8"]
[EventCountry "ESP"]
[SourceTitle "EXT 2017"]
[Source "ChessBase"]
[SourceDate "2016.10.25"]
[SourceVersion "1"]
[SourceVersionDate "2016.10.25"]
[SourceQuality "1"]

1. e4 c5 2. d4 cxd4 3. Qxd4 Nc6 4. Qd1 Nf6 5. Nc3 e6 6. Bc4 Bb4 7. Nge2 Nxe4 8. Bd2 Nxd2 9. Qxd2 d5 10. Bb5 0-0 11. Bxc6 bxc6 12. 0-0 c5 13. Qf4 Ba6 14. Rfe1 Ba5 15. a3 Bc7 16. Qc1 Rb8 17. Na4 Qh4 0-1

[Event "Barcelona La Lira op 33rd"]
[Site "Barcelona"]
[Date "2015.02.20"]
[Round "6"]
[White "Mollet Soldevila, Eva"]
[Black "Aubeso Duch, Miquel"]
[Result "1-0"]
[WhiteElo "1404"]
[BlackElo "1352"]
[PlyCount "71"]
[EventDate "2015.01.16"]
[EventType "swiss"]
[EventRounds "9"]
[EventCountry "ESP"]
[SourceTitle "EXT 2016"]
[Source "ChessBase"]
[SourceDate "2015.10.08"]
[SourceVersion "1"]
[SourceVersionDate "2015.10.08"]
[SourceQuality "1"]

1. e4 e5 2. Nf3 Nc6 3. d4 Bd6 4. d5 Nce7 5. Bg5 f6 6. Bd2 b6 7. Bc4 Bc5 8. 0-0 Rb8 9. Nc3 a6 10. a4 c6 11. dxc6 Nxc6 12. Nd5 Nge7 13. b4 Bd6 14. Be3 Nxd5 15. Qxd5 Qe7 16. Rab1 Bxb4 17. Rfd1 Ba5 18. Qd3 Nb4 19. Qb3 Bb7 20. c3 Nc6 21. Bxb6 Bxb6 22. Qxb6 Bc8 23. Qe3 Rxb1 24. Rxb1 d6 25. Qb6 Qd7 26. Bxa6 Bxa6 27. Qxa6 Ke7 28. Rb7 Rb8 29. Rxd7+ Kxd7 30. Qd3 g5 31. Kf1 h5 32. Nd2 Na5 33. Qd5 Nc6 34. Nc4 Kc7 35. Qxd6+ Kb7 36. Qd7+ 1-0

[Event "Igualada and Anoia op 9th"]
[Site "Igualada"]
[Date "2014.02.08"]
[Round "4"]
[White "Diaz Soro, Josep Lluis"]
[Black "Mollet Soldevila, Eva"]
[Result "1-0"]
[WhiteElo "1776"]
[BlackElo "1431"]
[PlyCount "31"]
[EventDate "2014.01.11"]
[EventType "swiss"]
[EventRounds "8"]
[EventCountry "ESP"]
[SourceTitle "EXT 2024"]
[Source "ChessBase"]
[SourceDate "2023.10.10"]
[SourceVersion "1"]
[SourceVersionDate "2023.10.10"]
[SourceQuality "1"]

1. f4 d6 2. d4 Nf6 3. e3 Nbd7 4. Nf3 c5 5. c3 cxd4 6. exd4 g6 7. Bd3 Bg7 8. 0-0 0-0 9. f5 Nb6 10. fxg6 fxg6 11. Bg5 Nfd5 12. Na3 Bf6 13. Bh6 Re8 14. Qc2 Kf7 15. Bxg6+ hxg6 16. Ng5+ 1-0

[Event "Barcelona La Lira op 30th"]
[Site "Barcelona"]
[Date "2012.01.20"]
[Round "1"]
[White "Ramos Alvarez, Maximo"]
[Black "Mollet Soldevila, Eva"]
[Result "1-0"]
[WhiteElo "1870"]
[BlackElo "1469"]
[PlyCount "59"]
[EventDate "2012.01.20"]
[EventType "swiss"]
[EventRounds "8"]
[EventCountry "ESP"]
[SourceTitle "EXT 2013"]
[Source "ChessBase"]
[SourceDate "2012.11.22"]
[SourceVersion "1"]
[SourceVersionDate "2012.11.22"]
[SourceQuality "1"]

1. d4 d5 2. Bg5 Nf6 3. Nc3 e6 4. e4 dxe4 5. Bxf6 Qxf6 6. Nxe4 Qf4 7. Bd3 Qh4 8. Nf3 Qd8 9. 0-0 Bd6 10. Qe2 0-0 11. Rad1 Nd7 12. c3 Nf6 13. Nxf6+ Qxf6 14. Qe4 g6 15. Ne5 Bxe5 16. dxe5 Qg7 17. f4 f5 18. exf6 Rxf6 19. Bc4 Qe7 20. Kh1 Kg7 21. Rd2 Qf8 22. Qe5 Qe7 23. Rfd1 Kf7 24. g4 h6 25. Rd8 b6 26. R8d4 Bb7+ 27. Kg1 Bc8 28. Ba6 Ke8 29. Rd8+ Kf7 30. Bxc8 1-0